000 00686nam a2200217 i 4500
001 120000
003 ES-MaACL
005 20251129063053.0
007 t|
008 070214s1979 sp r ||||1| spa d
100 1 _aSegura, Enrique,
_d1906-1994
_9164635
245 1 3 _aLa pintura de Enrique Segura
_b: [exposición, enero 1979].
260 _aMadrid :
_bClub-Urbis,
_c1979.
300 _a34 p. :
_bil. ;
_c21 x 24 cm.
600 1 7 _aSegura, Enrique,
_d1906-1994-
_xExposiciones
_2
_9164636
655 7 _2tgfbne
_9193628
_aCatálogos de exposiciones
710 2 _aClub Urbis (Galería)
_9172580
852 _aES-MaACL
_j2106-F-21
942 _2udc
999 _c120000
_d120000